000 00342nam a2200133Ia 4500
008 210210b1986 xxu||||| |||| 00| 0 eng d
082 _a346 MATC
100 _aMATHEW (P D) & BAKSHI (P M).
245 _aChristian law of succession.
260 _aND
_bIndian social institute
_c1986
300 _a30
690 _aPrivate Law
906 _a038899
999 _c89079
_d89079